Marx y los jóvenes hegelianos / (Record no. 168552)

MARC details
000 -LEADER
campo de control de longitud fija 00739nam a22002175i 4500
001 - NÚMERO DE CONTROL
campo de control 168552
003 - IDENTIFICADOR DE NÚMERO DE CONTROL
campo de control ES-MaACL
005 - FECHA Y HORA DE LA ÚLTIMA TRANSACCIÓN
campo de control 20250329173413.0
008 - DATOS DE LONGITUD FIJA--INFORMACIÓN GENERAL
campo de control de longitud fija 080421s1971 sp |||| | spa d
080 ## - NÚMERO DE LA CLASIFICACIÓN DECIMAL UNIVERSAL
Número de la Clasificación Decimal Universal 1 Hegel, Georg Wilhelm Friedich
080 ## - NÚMERO DE LA CLASIFICACIÓN DECIMAL UNIVERSAL
Número de la Clasificación Decimal Universal 1 Marx, Karl
100 1# - ENTRADA PRINCIPAL--NOMBRE DE PERSONA
Nombre de persona McLellan, David.
9 (RLIN) 137641
245 10 - MENCIÓN DEL TÍTULO
Título Marx y los jóvenes hegelianos /
Mención de responsabilidad, etc. David McLellan ; [traducción de Marcial Suárez].
260 ## - PUBLICACIÓN, DISTRIBUCIÓN, ETC.
Lugar de publicación, distribución, etc. [Barcelona] :
Nombre del editor, distribuidor, etc. Martínez Roca,
Fecha de publicación, distribución, etc. [1971]
300 ## - DESCRIPCIÓN FÍSICA
Extensión 185 p. ;
Dimensiones 20 cm.
600 14 - PUNTO DE ACCESO ADICIONAL DE MATERIA--NOMBRE DE PERSONA
Nombre de persona Hegel, Georg Wilhelm Friedrich.
9 (RLIN) 62316
600 14 - PUNTO DE ACCESO ADICIONAL DE MATERIA--NOMBRE DE PERSONA
Nombre de persona Marx, Karl,
Fechas asociadas al nombre 1818-1883-
Subdivisión general Crítica e interpretación
9 (RLIN) 78591
700 1# - ENTRADA AGREGADA--NOMBRE PERSONAL
Nombre de persona Suárez, Marcial.
9 (RLIN) 108573
852 ## - LOCALIZACIÓN
Ubicación ES-MaACL
Número de control de estantería C-41155
itemnumber R.80824
Holdings
Estatus retirado Estado de pérdida Estado de daño No para préstamo Biblioteca de origen Biblioteca actual Ubicación en estantería Fecha de adquisición Fuente de adquisición Total de préstamos Signatura topográfica completa Código de barras Visto por última vez Precio de reemplazo Tipo de ítem Koha
        Biblioteca del Ateneo de Madrid Biblioteca del Ateneo de Madrid Depósito 2 21/04/2008     C-41155 1176877 23/02/2023 23/02/2023 Libro impreso